Research in organizations issues and controversies

Bibliographic Details
Other Authors: Mowday, Richard T., Steer, Richard M.
Format: Book
Published: California : Goodyear Publishing , 1979
Subjects:

MARC

LEADER 00000cam a2200000 7i4500
001 0000001489
005 20050506.0
040 |a INS 
090 0 0 |a HD30.4.   |b R47 1979 
245 0 0 |a Research in organizations issues and controversies   |c edited Richard T. Mowday 
260 |a California :   |b Goodyear Publishing ,   |c 1979 
300 |a xv, 350p. ;   |c 23 cm. 
650 0 0 |a Organizational research 
650 0 0 |a Research 
700 1 |a Mowday, Richard T. 
700 1 |a Steer, Richard M. 
999 |a 0000000884   |b BOOK   |c Open Shelf   |e Default branch